Mixed Loanwords (A-Z) Quiz Stats

 Plays Quiz Updated Dec 8, 2018

     
Support Sporcle.
Go Orange.
Score 0/26 Timer 06:00
1 Play Today
mixed answer % Correct
U R U Gguru
93.7%
G S T A Nangst
91.9%
R E A U K EEureka!
90.7%
L O G O Iigloo
89.7%
A U T O Qquota
89.2%
H A M O Cmacho
88.9%
S M A T U I Ntsunami
87.9%
N E M Oomen
87.7%
Z A P P A Z I R Apaparazzi
87.4%
A H M A N Sshaman
86.1%
D O R H Ehorde
85%
A P P L E G R O N G E Ddoppelgänger
83.6%
G R E E N I L Ilingerie
77.4%
mixed answer % Correct
W I N D E D K R U Nwunderkind
75.5%
A A E E N N S S I R Crenaissance
73.1%
D O V A Kvodka
72.9%
R O T G U Yyogurt
69.7%
T A J U Njunta
68.5%
T H A P H Z U Cchutzpah
67.9%
I B M Z O Ezombie
66.2%
S O F I C Afiasco
61.4%
M E S T I Kkismet
59.9%
L A B L U R M Eumbrella
45.1%
M E S S I N Enemesis
39.5%
I X E A N xenia
32.8%
C U B A B E E Rbarbecue
20.1%

From the Vault

Subcategory Sort: Doctor Who, Sherlock, or Star Trek

by BookishGirl98

What about when Sherlock & Star Trek are the same thing?
Remove Ads.
Support Sporcle.
Get the best of Sporcle when you Go Orange. This ad-free experience offers more features, more stats, and more fun while also helping to support Sporcle. Thank you for becoming a member.

Show Comments

Extras

Top Quizzes Today


Score Distribution

Your Account Isn't Verified!

In order to create a playlist on Sporcle, you need to verify the email address you used during registration. Go to your Sporcle Settings to finish the process.

Report this User

Report this user for behavior that violates our Community Guidelines.

Details: